000
00335nam a2200121Ia 4500
008
180126s9999||||xx |||||||||||||| ||und||
020
_c
NT400
_a
978-986-191-638-5
100
_a
章惠安
245
0
_c
章惠安
_a
悲傷治療的技術:創新的悲傷輔導實務
250
_a
初版
260
_c
2015.02
_a
台北市
300
_c
cm.
_a
p.
942
_2
ccl
_c
BOOK
999
_c
118
_d
118